Państwa Afryki - nagła śmierć - Statystyki

Ogólne statystyki
  • Ten quiz został rozwiązany 2 805 razy
  • Średni wynik to 18 z 25
Answers on the Grid
Answers color-coded by a green-red scale on the quiz's grid according to % correct below.
Mali
Malta
Włochy
Egipt
Malawi
Gambia
Gwinea
Francja
Etiopia
RPA
Turcja
Izrael
Zambia
Somalia
Botswana
Portugalia
Madagaskar
Jemen
Oman
Kamerun
Sudan
Cypr
Armenia
Malediwy
Zimbabwe
Burkina Faso
Komory
Saint Lucia
USA
Sri Lanka
Namibia
Brunei
Bangladesz
ZEA
Tanzania
Palau
Azerbejdżan
Rosja
Argentyna
Erytrea
Afganistan
Czad
Seszele
Mozambik
Tuvalu
Tonga
Nowa Zelandia
Senegal
WKS
Maroko
 
Statystyki odpowiedzi
Odpowiedź % Poprawnych
RPA
91%
Zambia
91%
Etiopia
90%
Mali
90%
Egipt
89%
Madagaskar
86%
Gambia
85%
Somalia
82%
Gwinea
79%
Botswana
78%
Malawi
78%
Sudan
78%
Zimbabwe
78%
Kamerun
72%
Burkina Faso
69%
Namibia
68%
Czad
60%
Mozambik
59%
Erytrea
58%
Tanzania
58%
Maroko
57%
Komory
56%
Senegal
56%
Seszele
52%
WKS
52%
Nie znaleziono quizów pasujących do podanych kryteriów
Rozkład punktacji
Procent ludzi z każdym wynikiem
Percentyl według liczby udzielonych odpowiedzi
Twoja historia wyników
Nie rozwiązałeś tego quizu